Statistics for Taylor Swift - Back to December Lyrics

Click here to take the quiz!

General Stats

  • This quiz has been taken 181 times
  • The average score is 385 of 424

Answer Stats

Answer% Correct
I
100%
the
100%
The
100%
a
99%
and
99%
And
99%
back
99%
December
99%
go
99%
to
99%
in
98%
You
98%
you
98%
All
97%
all
97%
is
97%
me
97%
night
97%
So
97%
so
97%
that
97%
time
97%
Your
97%
your
97%
It
96%
it
96%
miss
96%
this
96%
ever
95%
good
95%
i'm
95%
I'm
95%
my
95%
we
95%
We
95%
for
94%
how
94%
mind
94%
saw
94%
But
93%
but
93%
of
93%
Then
93%
then
93%
front
92%
see
92%
gave
91%
sorry
91%
turn
91%
love
90%
pride
90%
them
90%
there
90%
were
90%
haven't
89%
mine
89%
missin'
89%
standin'
89%
When
89%
when
89%
while
89%
been
88%
family?
88%
first
88%
glad
88%
last
88%
made
88%
nothin'
88%
out
88%
right
88%
sayin'
88%
seen
88%
Tell
88%
Because
87%
cry
87%
how's
87%
How's
87%
i'd
87%
I'd
87%
left
87%
life?
87%
roses
87%
turns
86%
arms
85%
know
85%
smile
85%
swallowin'
85%
sweet
85%
than
85%
what
85%
die
84%
make
84%
on
84%
why
84%
around
83%
change
83%
had
83%
September
83%
still
83%
up
83%
held
82%
talk
82%
Wishin'
82%
freedom
81%
goodbye
81%
if
81%
loved
81%
skin
81%
small
81%
think
81%
was
81%
weather
81%
realized
80%
You've
80%
burned
79%
Maybe
79%
tan
79%
ain't
78%
busier
78%
can't
78%
alright
77%
work
77%
days
76%
guard
76%
swear
75%
thinkin'
75%
came
74%
door
74%
sleepin'
74%
summer
74%
These
74%
understand
74%
cold
73%
didn't
73%
dreamin'
73%
Probably
73%
wishful
73%
again
72%
call
72%
fall
72%
birthday
71%
own
71%
times
70%
beautiful
69%
chain
69%
dark
69%
mindless
69%
side
69%
about
68%
from
68%
laughin'
67%
watched
67%
into
64%
passed
64%
Stayin'
64%
crept
63%
fear
61%
myself
61%
passenger's
61%
playin'
60%
leavin'
59%
our
19%

Score Distribution

Percentile by Number Answered

Percent of People with Each Score

Your Score History

You have not taken this quiz